Analysis of the influence of selected motion parameters of a vehicle on steering effort

Bibliographic Details
Main Authors: Grzegożek, Witold (Author), Nogowczyk, Paulina (Author)
Format: Article
Language:Slovak
English
PhysicalDescription:Grafy, sch., tab.
ISSN:0039-2472
Subjects:

MARC

LEADER 00000nab a2200000 a 4500
001 vtls009172312
003 SK-MaSNL
005 20260304152316.0
008 250506c2007 xo |||||||||||000 b|slo
015 |a SNBRB2008/01  |2 snkbucl 
035 |a (uuid)e85f6e2d-f4b0-473b-bea2-8fd262ac8e6d 
035 |a urn:nbn:sk:snk-abc2o8 
035 |a (urnnbn)urn:nbn:sk:snk:ar-a09v1q 
038 |a SNKBUCL 
040 |a SNKBUCL  |b slo  |c SNKBUCL  |e AACR2 
041 0 |a eng 
044 |a xo  |c SK 
080 |a 629.3.072.2:531.1  |2 2001 
080 |a 531.1  |2 2001 
100 1 |a Grzegożek, Witold  |4 aut  |9 1474519 
245 1 0 |a Analysis of the influence of selected motion parameters of a vehicle on steering effort  |c Witold Grzegożek, Paulina Nogowczyk 
246 3 1 |a Analýza vplyvu vybraných parametrov pohybu vozidla na silu vynakladanú na jeho riadenie 
300 |b Grafy, sch., tab. 
504 |a Bibliogr. odkazy 
546 |a Res. angl. 
650 0 7 |a vozidlá  |2 snkbucl  |9 333731 
650 0 7 |a pohyb vozidla  |2 snkbucl  |9 1039946 
650 0 7 |a riadenie vozidla  |2 snkbucl  |9 836513 
700 1 |a Nogowczyk, Paulina  |4 aut  |9 1474520 
773 0 |t Strojnícky časopis = Journal of mechanical engineering  |g Roč. 58, č. 4 (2007), s. 201-215  |x 0039-2472 
850 |a Slovenská národná knižnica 
852 |a Slovenská národná knižnica 
958 |a article15 
958 |a OND 
958 |a NB 
958 |a EUIPO 
999 |c 2948252  |d 2950182